Welcome to the Holygrace Academy Library

Please use search bar below to get started

JOAN OF ARC (Record no. 6449)

MARC details
000 -LEADER
fixed length control field 00644nam a22001457a 4500
020 ## - INTERNATIONAL STANDARD BOOK NUMBER
ISBN 1-84236-491-X
082 ## - DEWEY DECIMAL CLASSIFICATION NUMBER
Classification number 823
Item number PAR/J
100 ## - MAIN ENTRY--AUTHOR NAME
Personal name PARKET, VICTORIA
245 ## - TITLE STATEMENT
Title JOAN OF ARC
Remainder of title AND THE BURNING ISSUES OF THE TIME
260 ## - PUBLICATION, DISTRIBUTION, ETC. (IMPRINT)
Place of publication UK
Name of publisher MILES KELLY PUBLISHING
Year of publication 2000
300 ## - PHYSICAL DESCRIPTION
Number of Pages 96
520 ## - SUMMARY, ETC.
Summary, etc Why is St. Joan of Arc famous? St. Joan of Arc is a national heroine of France. She was a peasant girl who, believing that she was acting under divine guidance, led the French army in a momentous victory at Orléans in 1429 that repulsed an English attempt to conquer France during the Hundred Years' War.
650 ## - SUBJECT ADDED ENTRY--TOPICAL TERM
Topical Term SHORT STORY
942 ## - ADDED ENTRY ELEMENTS (KOHA)
Koha item type Books
Holdings
Withdrawn status Lost status Collection code Home library Current library Shelving location Date acquired Source of acquisition Cost, normal purchase price Full call number Accession Number Koha item type
    Fiction Main Library Main Library SHELF 15F -I GET IT,BIOGRAPHY FOR CHILDREN (IMPULSE GREAT PEOPLE 29/01/2019 Purchase 3.50 823 PAR/J 10785 Books